<?xml version="1.0" encoding="UTF-8"?>
<record
    xmlns:xsi="http://www.w3.org/2001/XMLSchema-instance"
    xsi:schemaLocation="http://www.loc.gov/MARC21/slim http://www.loc.gov/standards/marcxml/schema/MARC21slim.xsd"
    xmlns="http://www.loc.gov/MARC21/slim">

  <leader>01374nam a2200289uu 4500</leader>
  <controlfield tag="001">991090</controlfield>
  <controlfield tag="005">20260507073420.0</controlfield>
  <controlfield tag="007">co|||||||</controlfield>
  <controlfield tag="008">060901s2002                        spa  </controlfield>
  <datafield tag="035" ind1=" " ind2=" ">
    <subfield code="a">991090</subfield>
  </datafield>
  <datafield tag="040" ind1=" " ind2=" ">
    <subfield code="c">comduadb</subfield>
  </datafield>
  <datafield tag="041" ind1=" " ind2=" ">
    <subfield code="a">spa</subfield>
  </datafield>
  <datafield tag="080" ind1=" " ind2=" ">
    <subfield code="a">Q</subfield>
  </datafield>
  <datafield tag="110" ind1="1" ind2="0">
    <subfield code="a">Universidad Nacional de Colombia</subfield>
    <subfield code="4">aut</subfield>
    <subfield code="0">(isni)0000 0001 2289 3522</subfield>
    <subfield code="0">(viaf)134650585</subfield>
    <subfield code="e">aut</subfield>
    <subfield code="9">830209</subfield>
  </datafield>
  <datafield tag="245" ind1="1" ind2="0">
    <subfield code="a">Cuatro miradas al desplazamiento forzado en el pais : hacia una propuesta de formacion democratica : paneles</subfield>
  </datafield>
  <datafield tag="260" ind1=" " ind2=" ">
    <subfield code="a">Bogot&#xE1; :</subfield>
    <subfield code="b">Universidad Nacional de Colombia. Facultad de Derecho, Ciencias Pol&#xED;ticas y Sociales,</subfield>
    <subfield code="c">[2002] ;</subfield>
    <subfield code="a">Bogot&#xE1; :</subfield>
    <subfield code="b">Alto Comisionado de las Naciones Unidas para los Refugiados.</subfield>
  </datafield>
  <datafield tag="300" ind1=" " ind2=" ">
    <subfield code="a">1 CD-ROM</subfield>
  </datafield>
  <datafield tag="505" ind1="8" ind2="0">
    <subfield code="t">Conmocion interior y crisis humanitaria : alcances y perspectivas</subfield>
  </datafield>
  <datafield tag="505" ind1="8" ind2="0">
    <subfield code="t">Medios de comunicacion y desplazamiento : lenguajes, imaginarios y discursos periodisticos</subfield>
  </datafield>
  <datafield tag="505" ind1="8" ind2="0">
    <subfield code="t">Resistencia civil y seguridad democratica : implicaciones y representaciones</subfield>
  </datafield>
  <datafield tag="505" ind1="8" ind2="0">
    <subfield code="t">Seguimiento a Bojaya : respuestas de atencion, reconstruccion y restablecimiento</subfield>
  </datafield>
  <datafield tag="650" ind1=" " ind2="7">
    <subfield code="a">Desplazamiento forzado</subfield>
    <subfield code="z">Colombia</subfield>
    <subfield code="2">lemb</subfield>
    <subfield code="9">82634</subfield>
  </datafield>
  <datafield tag="650" ind1=" " ind2="7">
    <subfield code="a">Resistencia civil</subfield>
    <subfield code="2">lemb</subfield>
    <subfield code="9">1128</subfield>
  </datafield>
  <datafield tag="650" ind1=" " ind2=" ">
    <subfield code="a">Crisis humanitaria</subfield>
    <subfield code="9">141346</subfield>
  </datafield>
  <datafield tag="710" ind1="2" ind2="0">
    <subfield code="a">ONU. Alto Comisionado de las Naciones Unidas para los Refugiados</subfield>
    <subfield code="4">aut</subfield>
    <subfield code="e">aut</subfield>
    <subfield code="9">829102</subfield>
  </datafield>
  <datafield tag="942" ind1=" " ind2=" ">
    <subfield code="c">BOOK</subfield>
  </datafield>
  <datafield tag="999" ind1=" " ind2=" ">
    <subfield code="c">401129</subfield>
    <subfield code="d">401129</subfield>
  </datafield>
  <datafield tag="952" ind1=" " ind2=" ">
    <subfield code="0">0</subfield>
    <subfield code="1">0</subfield>
    <subfield code="4">0</subfield>
    <subfield code="7">0</subfield>
    <subfield code="8">DIGITAL</subfield>
    <subfield code="a">IEP</subfield>
    <subfield code="b">IEP</subfield>
    <subfield code="d">2006-09-04</subfield>
    <subfield code="e">Material adquirido por donaci&#xF3;n</subfield>
    <subfield code="i">C918784</subfield>
    <subfield code="l">0</subfield>
    <subfield code="o">Q01638 CD-ROM</subfield>
    <subfield code="p">0604236</subfield>
    <subfield code="r">2023-04-26 00:00:00</subfield>
    <subfield code="t">1</subfield>
    <subfield code="w">2023-04-26</subfield>
    <subfield code="y">DIGITAL</subfield>
  </datafield>
  <datafield tag="952" ind1=" " ind2=" ">
    <subfield code="0">0</subfield>
    <subfield code="1">0</subfield>
    <subfield code="4">0</subfield>
    <subfield code="7">0</subfield>
    <subfield code="8">DIGITAL</subfield>
    <subfield code="a">INER</subfield>
    <subfield code="b">INER</subfield>
    <subfield code="d">2017-05-19</subfield>
    <subfield code="e">Material adquirido por donaci&#xF3;n</subfield>
    <subfield code="i">C1262391</subfield>
    <subfield code="l">0</subfield>
    <subfield code="o">C/0418 CD-ROM</subfield>
    <subfield code="p">0641535</subfield>
    <subfield code="r">2023-04-26 00:00:00</subfield>
    <subfield code="t">2</subfield>
    <subfield code="w">2023-04-26</subfield>
    <subfield code="y">DIGITAL</subfield>
  </datafield>
</record>
